000
00259nam a22001217a 4500
008
181017b xxu||||| |||| 00| 0 eng d
041
_a
eng
080
_a
370
100
_a
17
101
_a
EDU
245
_a
Finding Facts East
_c
Alden.t
942
_2
udc
_c
BK
999
_c
49951
_d
49951